00756nam a2200253 4500003001100000005001700011008004100028020001500069040003900084041000800123082001300131100002600144245002800170250001600198260004700214650002800261650002000289650002300309700002900332700003200361942000700393952008700400999001500487LK-CoMWRAF20230904190755.0230904b2006 |||||||| |||| 00| 0 eng d a9551266315 aLK-CoMWRAFdLK-CoMWRAFeLK-CoMWRAF aeng a428bGOO aGoonetilleke, D.C.R.A aLearning English book 1 a2nd Edition aColombo :bVijithayapa publications,c2006 aCommunication structure aSpiral learning aGrammar word study aGooneratne, Mona econt. aJayawardene, Mirelleecont. cBK 00104070aMAINbMAINd2023-09-04l0o428 GOOpRAF811r2023-09-04w2023-09-04yBK c3392d3392